000 00548cam a22001932 4500
001 0000009262
005 20151217145848.0
008 080918s xx 000 0 eng d
020 _a0521644828 :
_cKES 4900
040 _aKABU
_cKABU
100 1 _aPullin, Andrew S.
_@0000160437
245 1 0 _aConservation biology /
_cAndrew S. Pullin.
260 _aCambridge :
_bC. U. P.,
_c2002.
300 _axii, 345 p.
650 0 _aConservation biology.
_@0000155138
908 _a080918
950 _@1
999 _c3413
_d3413